000 nam a22 a 4500
999 _c3784
_d3784
005 20170524084431.0
008 170524b1990 cau||||| |||| 00| 0 eng d
020 _a1560520043
040 _aAKMAL
082 _a808.066 EST
090 _a808.066
_bEST
100 _aEstrin, Herman A.
_97486
245 _aTechnical writing in the corporate world /
_cHerman A. Estrin, Norbert Elliot.
260 _aLos Altos, Calif.
_bCrisp Publications
_cc1990
300 _aiv, 79 p.
_bill.
_c26cm
504 _aIncludes bibliographical references (p. 78-79).
650 _aTechnical writing.
_9689
700 _aElliot, Norbert.
_97487
942 _2ddc
_cBOOK